Statistiken für Ewige Tabelle der Super league

Klicken Sie hier um das Quiz zu spielen!

Allgemein

  • Dieses Quiz wurde 184 mal gespielt
  • Das Durchschnittsergebnis liegt bei 14 aus 72

Antwortstatistiken

Jahre/PunkteClub% Korrekt
112 4557FCB/ FC Basel
94%
111 4191FCZ/ FC Zürich
91%
114 4757BSC Young Boys Bern/YB
83%
90 2793FCSG/ FC St.Gallen
70%
73 2390FC Luzern
67%
71 2542FC Lugano
64%
53 2312FC Sion
61%
115 5088GCZ/Grasshoper Club Zürich
59%
43 1035FC Winterthur
55%
17 741FC Thun
54%
109 4396Servette Genf
54%
105 3779FC Lausanne
52%
40 1760Xamax/ Neuchatel Xamax
52%
59 1695FC Aarau
48%
7 170FC Schaffhausen
45%
5 155FC Vaduz
43%
2 70FC Wil
34%
5 110Yverdon Sport/FC Yverdon
28%
33 1005AC Bellinzona
26%
60 1526FC Biel
26%
13 395FC Locarno
26%
35 800FC Chiasso
23%
8 52FC Baden
17%
6 92FC Solothurn
17%
1 0Lausanne Ouchy/ Fc Stade Lausanne Ouchy
17%
2 38SC Kriens
17%
45 914FC Bern
13%
30 480FC Fribourg
13%
34 605BSC Old Boys/Old Boys
12%
39 1182FC Grenchen
12%
1 18FC Zug 94/FC Zug
12%
76 2158FC La Chaux de Fonds
10%
10 288FC Wettingen
10%
1 4FC Wohlen
10%
13 292Étoile Carouge
9%
11 214FC Concordia Basel/Concordia
9%
3 57FC Bulle
8%
14 117FC Montreux
7%
2 37SR Delémont/SR Delsberg
6%
56 1435YF Juventus Zürich/YFJZ/YF Juventus
6%
1 3FC Monthey
4%
35 818FC Nordstern Basel/FC Nordstern
4%
33 630Urania Genève/Urania
4%
1 5FC Black Stars Basel/ Black Stars
3%
21 381SC Brühl St.Gallen/SC St.Gallen
3%
2 17Anglo American Club Zürich/Anglo American Zürich
2%
8 255CS Chênois
2%
21 389FC Blue Stars Zürich/ FCBS
2%
1 8FC Moutier
2%
4 56SC Veltheim
2%
2 4American Wanderers Zürich
1%
6 26Blue Stars St.Gallen/BS St.Gallen
1%
34 767Cantonal Neuchatel
1%
1 3Château de Lancy
1%
4 22Concordia Yverdon
1%
23 545Étoile Sporting
1%
1 3FC International Zürich/Inter Zürich
1%
5 77FC Neumünster Zürich/FCNMS
1%
1 7Floria Biel
1%
3 6Fortuna Basel
1%
2 15Kickers Zürich
1%
1 3La Châtelaine Genève
1%
2 9Lausanne Football
1%
1 0Maison Neuve Vevey/Neuve Vevey
1%
1 8Racing Lausanne
1%
1 0Weissenbühl Bern
1%
1 0Exelsior Basel
0%
7 191FC Vevey Unidet/Vevey Utd
0%
2 16Fire Files Zürich
0%
1 0Geneva Unidet/Geneva Utd/Genf Unidet/Genf Utd
0%
1 0Racing Genèva/Racing Genf
0%
1 9Villa Lausanne
0%

Verteilung der Resultate

Perzentil nach korrekt beantworteten Fragen

Anzahl Personen mit jedem Resultat

Ihre Resultats-Entwicklung

Sie haben dieses Quiz noch nicht gespielt